Представление документа в формате RUSMARC

ПолеНазваниеЗначение
  Тип записи a
  Библиографический уровень a
001 Контрольный номер RU/УОНБ/EK_Kray/361801033
005 Дата корректировки 20240131005006.7
100 Данные общей обработки __
a Данные общей обработки 20110619d2011 ||| 0rusy0189 ca
101 Язык документа 0_
a Язык текста rus
102 Страна публикации __
a Страна публикации RU
105 Кодированные данные (монография) __
a Кодированные данные (монография) y###||||000|y
200 Заглавие и сведения об ответственности 1_
a Заглавие Колобок обрел родину!
e Сведения, относящиеся к заглавию Кто смел - тот и съел...
f Первые сведения об ответственности Семен Архангельский
215 Физическое описание __
c Иллюстрации/тип воспроизводства 1 фот.
225 Серия 0_
a Серия В конце номера
330 Аннотация __
a Аннотация 12 июня состоялось открытие первой очереди усадьбы Колобка в селе Новая Беденьга.
461 Уровень набора _0
1 2000
a Аргументы и факты в Ульяновске
1 011
463 Уровень физической единицы _0
1 001RU/УОНБ/EK_Kray/361797579
1 2000
a 15 июня
v С. 20
1 210
d 2011
607 Географические рубрики __
a Географическое наименование Новая Беденьга, с.
610 Ключевые слова 0_
a Ключевые слова колобок
686 Индексы других классификаций __
a Классификационный индекс 82.3
2 Код системы rubbk
700 Автор _1
a Фамилия Архангельский
b Имя (инициалы) С.
g Полное личное имя Семен
4 Код отношения 070
801 Источник записи _0
a Страна RU
b Организация Ульяновская ОНБ
c Дата составления 20110619
g Правила каталогизации RCR
801 Источник записи _1
a Страна RU
b Организация IS
c Дата составления 20110619
g Правила каталогизации RCR
901 Тип документа __
t Тип документа b
w Контрольный № источника RU/УОНБ/EK_Kray/361797579
909 Создатель записи __
a Создатель записи Кучерова
938 Служебная информация __
a Имя БД kraeved_work
b Имя библиотеки УОНБ
c Имя АИБС МАРК-SQL
d Номер DOC_ID в БД 76869